| 000 | 00453nam a22001697a 4500 | ||
|---|---|---|---|
| 005 | 20241129134326.0 | ||
| 008 | 241129b |||||||| |||| 00| 0 eng d | ||
| 020 | _a9780851113999 | ||
| 050 |
_aBR 1640 FUT _b1 |
||
| 100 | _aBartholomew,Craig ed | ||
| 245 |
_aThe futures of evangelicalism: _bIssues and prospects |
||
| 260 |
_aEngland _bInter-Varsity _c2003c |
||
| 300 | _a348p | ||
| 700 | _aParry,Robin | ||
| 700 | _aWest, Andrew | ||
| 942 |
_2lcc _cBK _n0 |
||
| 999 |
_c1760 _d1760 |
||